[Event "?"]
[Site "?"]
[Date "2014.04.16"]
[Round "2.13"]
[White "Stohl, Tristan"]
[Black "Gawlas, Gunder"]
[Result "1/2-1/2"]
[WhiteElo "1355"]
[BlackElo "1600"]
[PlyCount "36"]
[EventDate "2014.??.??"]
[WhiteTeam "SK Schwabach 1907 e.V."]
[BlackTeam "SC Noris-Tarrasch Nürnberg 1873"]

1. f4 d6 2. Nf3 Nf6 3. b3 Nc6 4. Bb2 g6 5. e3 Bg7 6. Nc3 O-O 7. Bd3 e5 8. fxe5
Nxe5 9. Be2 c6 10. O-O Nxf3+ 11. Bxf3 d5 12. Ne2 Re8 13. Qe1 Bf5 14. Rc1 Qd6
15. Ng3 Bd7 16. Bxf6 Bxf6 17. Kh1 Qe7 18. Qf2 Bh4 1/2-1/2

[Event "?"]
[Site "?"]
[Date "2014.04.16"]
[Round "3.2"]
[White "Diller, Peter"]
[Black "Cordts, Elof"]
[Result "0-1"]
[WhiteElo "1987"]
[BlackElo "1763"]
[PlyCount "68"]
[EventDate "2014.??.??"]
[WhiteTeam "SK Rothenburg e.V."]
[BlackTeam "SC Erlangen 48/88 e.V."]

1. e4 c5 2. f4 d6 3. Nf3 Nf6 4. Nc3 e6 5. d3 Be7 6. Be2 a6 7. a4 Nc6 8. O-O O-O
9. Qe1 Qc7 10. Bd1 Bd7 11. e5 Ng4 12. h3 Nh6 13. Ne4 f5 14. exd6 Bxd6 15. Nxd6
Qxd6 16. b3 Nf7 17. Qg3 e5 18. Bb2 Rae8 19. Re1 Re6 20. Nxe5 Ncxe5 21. fxe5 Qe7
22. Bf3 Rg6 23. Qf4 Be6 24. Re2 Ng5 25. Kh2 Rh6 26. Rd1 Rh4 27. Qg3 f4 28. Qf2
Bxh3 29. Qxh4 Nxf3+ 30. gxf3 Qxh4 31. Rdd2 Bf1+ 32. Kg1 Bxe2 33. Rxe2 Qg3+ 34.
Rg2 Qxf3 0-1

[Event "?"]
[Site "?"]
[Date "2014.04.16"]
[Round "3.3"]
[White "Schanz, Karlheinz"]
[Black "Schöne, Steffen"]
[Result "1-0"]
[WhiteElo "1914"]
[BlackElo "1694"]
[PlyCount "71"]
[EventDate "2014.??.??"]
[WhiteTeam "SC Mühlhof-Reichelsdorf e.V."]
[BlackTeam "Spvg Zabo-Eintracht Nürnberg e.V"]

1. e4 d6 2. f4 c5 3. Nf3 g6 4. c3 Bg7 5. Qc2 Nf6 6. Bb5+ Bd7 7. Bxd7+ Nbxd7 8.
d3 O-O 9. Nbd2 b5 10. Nf1 Nb6 11. h3 Qc7 12. g4 e5 13. Ng3 d5 14. g5 Nxe4 15.
dxe4 exf4 16. Ne2 dxe4 17. Bxf4 Qb7 18. Nh4 Rad8 19. O-O Nc4 20. Rad1 Ne5 21.
Rxd8 Rxd8 22. Bxe5 Bxe5 23. Rd1 Rd5 24. Ng2 c4 25. Nd4 Qd7 26. Qxe4 Qd6 27. Qg4
Qc5 28. h4 Qc7 29. Ne3 Bh2+ 30. Kg2 Re5 31. Qf3 f5 32. gxf6 Re4 33. Qxe4 Qg3+
34. Kf1 Qh3+ 35. Ng2 Qg3 36. Qe8# 1-0

[Event "?"]
[Site "?"]
[Date "2014.04.16"]
[Round "3.4"]
[White "Weidenhöfer, Robert"]
[Black "Link, Andreas"]
[Result "0-1"]
[WhiteElo "1696"]
[BlackElo "1957"]
[PlyCount "42"]
[EventDate "2014.??.??"]
[WhiteTeam "SW Nürnberg Süd e.V."]
[BlackTeam "Spvg Zabo-Eintracht Nürnberg e.V"]

1. b3 e5 2. Bb2 d6 3. e3 Nf6 4. c4 g6 5. d4 Nbd7 6. Nd2 Qe7 7. Ne2 Bg7 8. g3
O-O 9. Bg2 c6 10. O-O Re8 11. dxe5 Nxe5 12. Nf3 Neg4 13. Ba3 Nxe3 14. Bxd6 Nxd1
15. Bxe7 Rxe7 16. Nf4 Nb2 17. Rab1 Ne8 18. Rfe1 Rxe1+ 19. Rxe1 Bf5 20. Re7 Rb8
21. Ng5 Bf6 0-1

[Event "?"]
[Site "?"]
[Date "2014.04.16"]
[Round "3.5"]
[White "Balhar, Michael"]
[Black "Luther, Helmut"]
[Result "0-1"]
[WhiteElo "1731"]
[BlackElo "1999"]
[PlyCount "120"]
[EventDate "2014.??.??"]
[WhiteTeam "SC Erlangen 48/88 e.V."]
[BlackTeam "SW Nürnberg Süd e.V."]

1. e4 d5 2. exd5 Qxd5 3. Nc3 Qa5 4. Bc4 Nf6 5. d3 c6 6. Bd2 Bf5 7. Qe2 Qc7 8.
h3 e6 9. g4 Bg6 10. f4 Be7 11. h4 h5 12. g5 Nd5 13. Nxd5 cxd5 14. Bb3 Nc6 15.
Nf3 O-O-O 16. Ba4 Bd6 17. Bxc6 bxc6 18. Ne5 Bf5 19. d4 Qb7 20. O-O-O f6 21. Nf3
Kd7 22. Rde1 Rb8 23. b3 Bb4 24. gxf6 gxf6 25. Rhg1 Rhg8 26. Bxb4 Qxb4 27. Kb2
Rg4 28. c3 Qd6 29. Qa6 Qc7 30. Rxg4 hxg4 31. Rg1 Rb6 32. Qa3 a6 33. Qf8 Qxf4
34. Qf7+ Kc8 35. Qe8+ Kb7 36. Qe7+ Ka8 37. Ne5 fxe5 38. Qe8+ Ka7 39. Qe7+ Rb7
40. Qc5+ Ka8 41. Qf8+ Rb8 42. Qd6 Qd2+ 43. Ka3 Qxc3 44. dxe5 a5 45. Qd7 Qb4+
46. Kb2 Qb7 47. Qd6 Qb6 48. Rc1 Qd4+ 49. Ka3 Qb4+ 50. Qxb4 axb4+ 51. Ka4 Rb6
52. Ka5 Kb7 53. Ka4 Ra6+ 54. Kxb4 Rxa2 55. Rh1 g3 56. Rg1 g2 57. Kc5 Kc7 58. h5
Be4 59. h6 Ra5+ 60. Kd4 Ra8 0-1

[Event "?"]
[Site "?"]
[Date "2014.04.16"]
[Round "3.6"]
[White "Konsek, Peter"]
[Black "Gloth, Gerrit"]
[Result "1-0"]
[WhiteElo "2051"]
[BlackElo "1947"]
[PlyCount "75"]
[EventDate "2014.??.??"]
[WhiteTeam "SW Nürnberg Süd e.V."]
[BlackTeam "SC Erlangen 48/88 e.V."]

1. e4 Nf6 2. e5 Nd5 3. d4 d6 4. c4 Nb6 5. exd6 exd6 6. Nc3 Nc6 7. Be3 Be7 8.
Bd3 O-O 9. h3 Bf6 10. Nf3 g6 11. O-O Ne7 12. Bh6 Re8 13. Ne4 Bh8 14. Bg5 Nd7
15. g4 f6 16. Bh4 g5 17. Bg3 Nf8 18. d5 h6 19. c5 f5 20. cxd6 fxe4 21. dxe7
Rxe7 22. Bc4 exf3 23. d6+ Rf7 24. Bxf7+ Kxf7 25. Qxf3+ Qf6 26. Qb3+ Qe6 27. Qc2
cxd6 28. f4 Bd4+ 29. Kh2 Kg7 30. Rae1 Qd7 31. fxg5 hxg5 32. Qd2 Bf6 33. Bxd6
Ng6 34. Rc1 Qxd6+ 35. Qxd6 Be5+ 36. Qxe5+ Nxe5 37. Rc7+ Kg6 38. Rf8 1-0

[Event "?"]
[Site "?"]
[Date "2014.04.16"]
[Round "3.8"]
[White "Weißmann, Peter"]
[Black "Babichev, Vyacheslav"]
[Result "1-0"]
[WhiteElo "1803"]
[BlackElo "1803"]
[PlyCount "87"]
[EventDate "2014.??.??"]
[WhiteTeam "SK Zirndorf e.V."]
[BlackTeam "SW Nürnberg Süd e.V."]

1. e4 e5 2. d4 exd4 3. Bc4 Nc6 4. Nf3 Be7 5. Nxd4 Ne5 6. Bb3 c5 7. Nf5 c4 8.
Qd5 cxb3 9. Qxe5 f6 10. Nd6+ Kf8 11. Qd5 Bxd6 12. Qxd6+ Ne7 13. axb3 b6 14. Nc3
Bb7 15. Nd5 Kf7 16. Nxe7 Qxe7 17. Qxe7+ Kxe7 18. O-O Rhc8 19. c3 Rc6 20. Re1
Re6 21. f3 d5 22. Ra4 h6 23. Kf2 dxe4 24. fxe4 b5 25. Rd4 a5 26. g4 Rc8 27. Bf4
Rc5 28. Red1 Bc8 29. Bd6+ Rxd6 30. Rxd6 Bxg4 31. R6d5 Rc7 32. Rg1 Be6 33. Rxg7+
Bf7 34. Rxb5 Kf8 35. Rg3 Ra7 36. Rb8+ Ke7 37. Rg7 h5 38. Rh8 Ke6 39. Rxh5 Ra8
40. Rhh7 Rf8 41. Rxf7 Rxf7 42. Rxf7 Kxf7 43. Ke3 Ke6 44. Kd4 1-0

[Event "?"]
[Site "?"]
[Date "2014.04.16"]
[Round "3.9"]
[White "Kröger, Joachim"]
[Black "Majid, Hakim"]
[Result "1-0"]
[WhiteElo "1685"]
[BlackElo "1208"]
[PlyCount "129"]
[EventDate "2014.??.??"]
[WhiteTeam "SK Rothenburg e.V."]
[BlackTeam "SW Nürnberg Süd e.V."]

1. e4 e5 2. Nf3 d6 3. d4 exd4 4. Nxd4 Nf6 5. Nc3 Be7 6. Bd3 O-O 7. Bg5 Nbd7 8.
O-O Ne5 9. Be2 h6 10. Bh4 Ng6 11. Bg3 Nh7 12. Bc4 Bh4 13. Qh5 Kh8 14. Bxf7 Bxg3
15. Qxg6 Be5 16. Nf3 Qe7 17. Nxe5 dxe5 18. Bb3 Rf4 19. Nd5 Qf8 20. Nxf4 exf4
21. Qf7 Bg4 22. Qxf8+ Rxf8 23. f3 Bd7 24. Rad1 Bb5 25. Rf2 Nf6 26. Rfd2 Ne8 27.
Rd8 Kh7 28. c3 a5 29. Bc2 g6 30. b3 Kg7 31. c4 Bc6 32. a3 Rf7 33. c5 Nf6 34. b4
axb4 35. axb4 Re7 36. Bb3 h5 37. Bc4 Ba4 38. R1d2 Bd7 39. Kf2 g5 40. h3 g4 41.
hxg4 hxg4 42. Kf1 gxf3 43. gxf3 Bh3+ 44. Ke1 Nd7 45. Rh2 Bf5 46. Kf2 Bg6 47.
Rg2 Nf6 48. Rg1 c6 49. Re1 Ne8 50. Rb1 Nf6 51. Rb2 Nd7 52. Rd2 Ne5 53. Be2 Bf7
54. R2d6 Be6 55. Rb8 Nf7 56. Rxe6 Rxe6 57. Rxb7 Kf6 58. Bc4 Re7 59. Rxe7 Kxe7
60. Bxf7 Kxf7 61. Ke2 Ke6 62. Kd3 Ke5 63. Kc4 Kf6 64. b5 cxb5+ 65. Kxb5 1-0

[Event "?"]
[Site "?"]
[Date "2014.04.16"]
[Round "3.12"]
[White "Gawlas, Gunder"]
[Black "Holland, Arthur"]
[Result "1/2-1/2"]
[WhiteElo "1600"]
[BlackElo "1835"]
[PlyCount "41"]
[EventDate "2014.??.??"]
[WhiteTeam "SC Noris-Tarrasch Nürnberg 1873"]
[BlackTeam "Spvg Zabo-Eintracht Nürnberg e.V"]

1. e4 e5 2. Nf3 Nf6 3. Bc4 Nc6 4. Nc3 Bc5 5. d3 h6 6. h3 O-O 7. O-O d6 8. Na4
Qe7 9. Nxc5 dxc5 10. Be3 Rd8 11. Qe2 Nd4 12. Nxd4 cxd4 13. Bd2 Be6 14. Bb3 Rac8
15. f4 Nd7 16. fxe5 Nxe5 17. Rf2 c5 18. Raf1 Bxb3 19. axb3 Rc6 20. Qh5 Rf8 21.
Rf5 1/2-1/2

[Event "?"]
[Site "?"]
[Date "2014.04.16"]
[Round "3.13"]
[White "Forche, Peter"]
[Black "Stohl, Tristan"]
[Result "0-1"]
[WhiteElo "1358"]
[BlackElo "1355"]
[PlyCount "110"]
[EventDate "2014.??.??"]
[WhiteTeam "Spvg Zabo-Eintracht Nürnberg e.V"]
[BlackTeam "SK Schwabach 1907 e.V."]

1. d4 f5 2. Bf4 e6 3. Nf3 Nf6 4. h3 b6 5. e3 Bb7 6. Nbd2 Nc6 7. Bd3 Be7 8. c3
Nd5 9. Bh2 Bf6 10. Qc2 Bg5 11. O-O-O Qe7 12. Rdg1 g6 13. Nxg5 Qxg5 14. Nf3 Qf6
15. g4 O-O-O 16. gxf5 exf5 17. Ne5 d6 18. Nf3 Ncb4 19. Qb1 Nxd3+ 20. Qxd3 Nb4
21. cxb4 Bxf3 22. Bg3 Bxh1 23. Rxh1 Qe6 24. a3 Qd5 25. Rf1 Qc6+ 26. Kd2 Kb8 27.
Rc1 Qd5 28. Qc2 Rc8 29. Qd3 Rhe8 30. h4 Re7 31. Re1 Rce8 32. Re2 Kb7 33. Kc3
Qc6+ 34. Kd2 Qd5 35. Kc3 Qe4 36. Qd2 d5 37. Qe1 Re6 38. b5 c6 39. a4 Rc8 40.
Kb3 Qd3+ 41. Ka2 cxb5 42. axb5 Qxb5 43. Ka3 Rec6 44. Qd2 Rc2 45. Qxc2 Rxc2 46.
Rxc2 Qd3+ 47. Rc3 Qa6+ 48. Kb4 Qa5+ 49. Kb3 Qb5+ 50. Ka3 a5 51. Rc7+ Ka6 52.
Rxh7 Qc4 53. b3 Qc2 54. b4 a4 55. b5+ Kxb5 0-1

[Event "?"]
[Site "?"]
[Date "2014.04.16"]
[Round "3.14"]
[White "Diebel, Günter"]
[Black "Dreiseitel, Ursula"]
[Result "1-0"]
[WhiteElo "1660"]
[BlackElo "1503"]
[PlyCount "95"]
[EventDate "2014.??.??"]
[WhiteTeam "SG Büchenbach/Roth e.V."]
[BlackTeam "SC Noris-Tarrasch Nürnberg 1873"]

1. e4 e6 2. d4 d5 3. e5 c5 4. c3 Nc6 5. Bb5 Bd7 6. Bxc6 Bxc6 7. Nf3 cxd4 8.
cxd4 Bb5 9. Bd2 Ne7 10. Nc3 Qb6 11. Na4 Bxa4 12. Qxa4+ Qc6 13. Qb3 Qa6 14. Bb4
Rc8 15. Kd2 Qc4 16. Qxc4 Rxc4 17. g3 Nf5 18. Bxf8 Rxf8 19. b3 Rc7 20. Rhc1 Rxc1
21. Rxc1 Kd7 22. g4 Ne7 23. Ne1 f6 24. Nd3 fxe5 25. Nxe5+ Kd6 26. Ke3 h6 27. f4
g5 28. Rf1 Nc6 29. Nxc6 bxc6 30. b4 a6 31. h4 Ke7 32. Rf3 gxf4+ 33. Rxf4 Rxf4
34. Kxf4 Kf6 35. g5+ hxg5+ 36. hxg5+ Kg6 37. Ke5 Kxg5 38. Kxe6 Kf4 39. Kd6 Ke4
40. Kc5 Kd3 41. a4 Kc3 42. Kxc6 Kxd4 43. b5 axb5 44. axb5 Kc3 45. b6 d4 46. b7
d3 47. b8=Q d2 48. Qb1 1-0

[Event "?"]
[Site "?"]
[Date "2014.04.16"]
[Round "3.15"]
[White "Faralisz, Patrick"]
[Black "Dreiseitel, Werner"]
[Result "0-1"]
[WhiteElo "1435"]
[BlackElo "1551"]
[PlyCount "110"]
[EventDate "2014.??.??"]
[WhiteTeam "SC Noris-Tarrasch Nürnberg 1873"]
[BlackTeam "SC Noris-Tarrasch Nürnberg 1873"]

1. e4 c6 2. d4 d5 3. f3 dxe4 4. fxe4 Nf6 5. Nc3 Bg4 6. Nf3 e6 7. Bg5 Qa5 8.
Bxf6 gxf6 9. Be2 Nd7 10. Qd2 h5 11. h3 Bxf3 12. Bxf3 O-O-O 13. O-O Ne5 14. Qe2
Nxf3+ 15. Rxf3 Rxd4 16. Rxf6 Bc5 17. Kh1 Qc7 18. Raf1 Rh7 19. Qf2 Qe5 20. Qf4
Qxf4 21. R6xf4 Rd7 22. R1f3 Bd6 23. Rh4 Be7 24. Rhf4 Bg5 25. Rf6 Bxf6 26. Rxf6
Rd2 27. e5 Rg7 28. g4 hxg4 29. hxg4 Rxc2 30. Ne4 Rxb2 31. g5 Kd8 32. Nd6 Rxa2
33. Nxb7+ Ke7 34. Nd6 Re2 35. Nc8+ Kd7 36. Nxa7 Rxe5 37. g6 Rxg6 38. Rxf7+ Kd6
39. Nc8+ Kc5 40. Rh7 Re2 41. Rh5+ Kd4 42. Ne7 Rf6 43. Nxc6+ Kc3 44. Rc5+ Kd2
45. Kg1 Rg6+ 46. Kh1 Rh6+ 47. Kg1 Rg6+ 48. Kh1 Rf6 49. Kg1 Re1+ 50. Kg2 Rc1 51.
Rxc1 Kxc1 52. Ne5 Rf5 53. Nf3 e5 54. Nh4 Rf8 55. Ng6 Rg8 0-1

[Event "?"]
[Site "?"]
[Date "2014.04.17"]
[Round "4.1"]
[White "Cordts, Elof"]
[Black "Link, Andreas"]
[Result "0-1"]
[WhiteElo "1763"]
[BlackElo "1957"]
[PlyCount "102"]
[EventDate "2014.??.??"]
[WhiteTeam "SC Erlangen 48/88 e.V."]
[BlackTeam "Spvg Zabo-Eintracht Nürnberg e.V"]

1. c4 Nf6 2. Nc3 c5 3. Nf3 Nc6 4. g3 d5 5. cxd5 Nxd5 6. Bg2 Nc7 7. O-O e5 8. e3
Be7 9. a3 O-O 10. Qc2 Be6 11. Rd1 Qd7 12. d3 Rfd8 13. e4 Bg4 14. Ne2 Ne6 15.
Qa4 a6 16. Be3 Ned4 17. Nexd4 exd4 18. Bf4 Kh8 19. Rd2 Bxf3 20. Bxf3 g5 21.
Bxg5 Bxg5 22. Rc2 Ne5 23. Qxd7 Nxf3+ 24. Kg2 Rxd7 25. Kxf3 Be7 26. h4 Kg7 27.
Kg2 h5 28. f4 Kf6 29. Kf3 Rg8 30. Rac1 Rc7 31. a4 b6 32. Rc4 Rgc8 33. Rg1 b5
34. Rcc1 c4 35. g4 hxg4+ 36. Rxg4 c3 37. Rc2 cxb2 38. Rxb2 Rc2 39. Rxc2 Rxc2
40. axb5 axb5 41. Rg5 b4 42. Rb5 Rd2 43. Rb6+ Kg7 44. Rb7 Rxd3+ 45. Ke2 Re3+
46. Kd2 Bxh4 47. e5 Be1+ 48. Kd1 Bc3 49. Kc2 d3+ 50. Kb3 d2 51. Rd7 Re1 0-1

[Event "?"]
[Site "?"]
[Date "2014.04.17"]
[Round "4.2"]
[White "Corral, Carlos"]
[Black "Schanz, Karlheinz"]
[Result "1-0"]
[WhiteElo "1989"]
[BlackElo "1914"]
[PlyCount "61"]
[EventDate "2014.??.??"]
[WhiteTeam "SC Noris-Tarrasch Nürnberg 1873"]
[BlackTeam "SC Mühlhof-Reichelsdorf e.V."]

1. e4 c5 2. Nf3 g6 3. d4 Bg7 4. Nc3 b6 5. dxc5 bxc5 6. Qd5 Nc6 7. Bc4 e6 8.
Qxc5 Bf8 9. Qe3 a6 10. O-O Nf6 11. e5 Ng4 12. Qf4 h5 13. Ne4 Be7 14. Nd6+ Bxd6
15. exd6 Qf6 16. Qg3 Nge5 17. Nxe5 Qxe5 18. Qa3 Qa5 19. Qf3 Qc5 20. b3 Qxd6 21.
Bb2 Rg8 22. Rad1 Qc7 23. Rfe1 Bb7 24. Qf6 Qd8 25. Qf4 Qb8 26. Qg5 Qd8 27. Bf6
Qc7 28. Qc5 Qa5 29. Qd6 Bc8 30. Re5 Qb4 31. Qxc6 1-0

[Event "?"]
[Site "?"]
[Date "2014.04.17"]
[Round "4.4"]
[White "Kröger, Joachim"]
[Black "Konsek, Peter"]
[Result "0-1"]
[WhiteElo "1685"]
[BlackElo "2051"]
[PlyCount "74"]
[EventDate "2014.??.??"]
[WhiteTeam "SK Rothenburg e.V."]
[BlackTeam "SW Nürnberg Süd e.V."]

1. e4 d6 2. d4 Nf6 3. Nc3 g6 4. f4 Bg7 5. Nf3 O-O 6. Be2 c5 7. dxc5 Qa5 8. O-O
Qxc5+ 9. Qd4 Nxe4 10. Qxc5 Nxc5 11. Ng5 Bf5 12. Nd5 Nc6 13. g4 Bxc2 14. f5 h6
15. Nh3 Bd4+ 16. Kg2 Be4+ 17. Bf3 Bxf3+ 18. Rxf3 e6 19. Bxh6 exd5 20. Bxf8 Rxf8
21. f6 Re8 22. Nf4 Bxf6 23. Nxd5 Bxb2 24. Raf1 Re2+ 25. Kh1 Ne5 26. Nf6+ Kg7
27. Rh3 g5 28. Ne8+ Kf8 29. Nxd6 Ne4 30. Nf5 Nxg4 31. Rhf3 Nxh2 32. Rd3 Kg8 33.
Ne7+ Kf8 34. Nf5 Bf6 35. Rc1 Nf2+ 36. Kg1 Kg8 37. Rd8+ Bxd8 0-1

[Event "?"]
[Site "?"]
[Date "2014.04.17"]
[Round "4.5"]
[White "Münzenberg, Dietrich"]
[Black "Werner, Thomas"]
[Result "0-1"]
[WhiteElo "1728"]
[BlackElo "2008"]
[PlyCount "98"]
[EventDate "2014.??.??"]
[WhiteTeam "Spvg Zabo-Eintracht Nürnberg e.V"]
[BlackTeam "SW Nürnberg Süd e.V."]

1. d4 c6 2. c4 d5 3. cxd5 cxd5 4. Nf3 Nc6 5. Nc3 Nf6 6. Bf4 Bf5 7. Rc1 e6 8.
Nh4 Bg4 9. h3 Bh5 10. g4 Bg6 11. Bg2 Bd6 12. Nxg6 hxg6 13. Bg5 Qb6 14. O-O a6
15. Bxf6 gxf6 16. e4 dxe4 17. Nxe4 Bf4 18. Rc4 O-O-O 19. Nxf6 Rxd4 20. Qc2 Rxc4
21. Qxc4 g5 22. Rd1 Rd8 23. Rxd8+ Kxd8 24. Bxc6 bxc6 25. b3 Ke7 26. Ne4 Qb5 27.
Qc5+ Qxc5 28. Nxc5 a5 29. Kf1 f5 30. Ke2 Bd6 31. Nb7 Bb4 32. a3 Bxa3 33. Nxa5
Kd7 34. Kd3 Bc5 35. f3 Kd6 36. Nb7+ Kd5 37. Nd8 Be7 38. Nf7 Bf6 39. gxf5 exf5
40. Nh6 Ke6 41. Kc4 Bg7 42. Ng8 Kf7 43. Kc5 Kxg8 44. Kxc6 Bc3 45. Kd5 Kf7 46.
Kc4 Bd2 47. b4 Ke6 48. b5 Ke5 49. Kc5 Ba5 0-1

[Event "?"]
[Site "?"]
[Date "2014.04.17"]
[Round "4.6"]
[White "Walter, Manfred"]
[Black "Diller, Peter"]
[Result "0-1"]
[WhiteElo "1742"]
[BlackElo "1987"]
[PlyCount "148"]
[EventDate "2014.??.??"]
[WhiteTeam "SV Lauf a.d.P."]
[BlackTeam "SK Rothenburg e.V."]

1. c4 e6 2. g3 f5 3. Bg2 Nf6 4. Nc3 Be7 5. Nf3 O-O 6. O-O c6 7. e3 a6 8. Rb1 b5
9. Qe2 b4 10. Na4 a5 11. d3 d6 12. b3 Ra7 13. Bb2 c5 14. Ba1 Bd7 15. Nb2 a4 16.
Nd2 axb3 17. axb3 Nc6 18. Nd1 Qc7 19. d4 Ra2 20. dxc5 dxc5 21. Nb2 Rd8 22. Rfd1
Be8 23. f3 e5 24. Nd3 Bh5 25. Nc1 Ra6 26. Nf1 e4 27. Rxd8+ Nxd8 28. Qf2 Nf7 29.
fxe4 fxe4 30. Nd2 Bg6 31. Ne2 Ng4 32. Qf4 Qxf4 33. gxf4 Nxe3 34. Bxe4 Bxe4 35.
Nxe4 Nh6 36. N2g3 Ra2 37. Nf2 Nhg4 38. Nge4 Kf7 39. h3 Nxf2 40. Nxf2 Bh4 41.
Ne4 Nf5 42. Be5 Re2 43. Nd6+ Nxd6 44. Bxd6 Bf2+ 45. Kg2 Bd4+ 46. Kf3 Re3+ 47.
Kg4 Kf6 48. h4 g6 49. f5 Re4+ 50. Kg3 gxf5 51. Bf4 Be5 52. Bxe5+ Kxe5 53. Rd1
Re3+ 54. Kf2 Rxb3 55. Rd5+ Kf4 56. Rxc5 Rc3 57. Rc7 Rc2+ 58. Ke1 b3 59. Kd1 h5
60. c5 Kg4 61. Rb7 Rxc5 62. Rxb3 Kxh4 63. Ke2 Kg4 64. Kf2 f4 65. Ra3 Rc2+ 66.
Kf1 h4 67. Rb3 h3 68. Kg1 f3 69. Rb8 Rg2+ 70. Kh1 Re2 71. Rg8+ Kf4 72. Rf8+ Ke3
73. Re8+ Kd2 74. Rf8 f2 0-1

[Event "?"]
[Site "?"]
[Date "2014.04.17"]
[Round "4.8"]
[White "Gloth, Gerrit"]
[Black "Stohl, Tristan"]
[Result "1-0"]
[WhiteElo "1947"]
[BlackElo "1355"]
[PlyCount "61"]
[EventDate "2014.??.??"]
[WhiteTeam "SC Erlangen 48/88 e.V."]
[BlackTeam "SK Schwabach 1907 e.V."]

1. e4 c5 2. Nc3 Nc6 3. g3 g6 4. Bg2 Bg7 5. d3 d6 6. Be3 Nf6 7. h3 Bd7 8. Qd2
Qb6 9. Nge2 O-O 10. Rb1 e6 11. O-O Rac8 12. f4 Qd8 13. g4 Ne8 14. f5 Nc7 15.
Bh6 Qf6 16. Bg5 Qe5 17. Bf4 Qf6 18. g5 Qd8 19. f6 Bh8 20. Bxd6 Re8 21. Bxc5 b6
22. Be3 Ne5 23. Bf4 Nc6 24. e5 Nd5 25. Ne4 Nxf4 26. Qxf4 Rb8 27. Nd6 Rf8 28.
Ng3 b5 29. c3 b4 30. d4 a5 31. Nge4 1-0

[Event "?"]
[Site "?"]
[Date "2014.04.17"]
[Round "4.9"]
[White "Weidenhöfer, Robert"]
[Black "Balhar, Michael"]
[Result "1-0"]
[WhiteElo "1696"]
[BlackElo "1731"]
[PlyCount "94"]
[EventDate "2014.??.??"]
[WhiteTeam "SW Nürnberg Süd e.V."]
[BlackTeam "SC Erlangen 48/88 e.V."]

1. b3 d5 2. Bb2 c5 3. e3 e6 4. Nf3 Nf6 5. c4 Nc6 6. Be2 Be7 7. d4 cxd4 8. Nxd4
Qc7 9. O-O O-O 10. cxd5 Nxd5 11. Nxc6 Qxc6 12. Bf3 Rd8 13. Qe2 Qb6 14. Nd2 Bf6
15. Nc4 Qc7 16. Rac1 Qe7 17. Ba3 Qd7 18. Rfd1 Nc3 19. Qc2 Nxd1 20. Rxd1 Qc7 21.
Bd6 Rxd6 22. Rxd6 Rb8 23. Qd2 g6 24. g3 b5 25. Rc6 Qe7 26. Na5 Qe8 27. Rc7 a6
28. Nc6 Rb6 29. Qa5 Rxc6 30. Bxc6 Qd8 31. f4 Be7 32. Qb6 Qd1+ 33. Kg2 Qe2+ 34.
Kh3 Qf1+ 35. Bg2 Qd1 36. Rxc8+ Bf8 37. Qd8 Qh5+ 38. Qh4 Qf5+ 39. Qg4 Qd3 40.
Qf3 h5 41. Qe4 Qd7 42. Qc6 Qd1 43. Bf3 Qf1+ 44. Kh4 Kg7 45. Qc3+ f6 46. Rc7+
Kg8 47. Qxf6 Qh3+ 1-0

[Event "?"]
[Site "?"]
[Date "2014.04.17"]
[Round "4.10"]
[White "Babichev, Vyacheslav"]
[Black "Majid, Hakim"]
[Result "1-0"]
[WhiteElo "1803"]
[BlackElo "1208"]
[PlyCount "120"]
[EventDate "2014.??.??"]
[WhiteTeam "SW Nürnberg Süd e.V."]
[BlackTeam "SW Nürnberg Süd e.V."]

1. b3 e5 2. Bb2 d6 3. c4 b6 4. d3 Bb7 5. e3 Be7 6. Nf3 Nf6 7. e4 O-O 8. Nc3
Nbd7 9. g3 Nc5 10. b4 Ne6 11. Bg2 Nd7 12. Nd5 Bxd5 13. cxd5 Ng5 14. O-O Nxf3+
15. Bxf3 Nb8 16. Qc2 Na6 17. Qa4 Nb8 18. Rac1 a5 19. Bg4 Ra6 20. b5 Ra7 21. d4
Bf6 22. dxe5 Bxe5 23. Bxe5 dxe5 24. Rc2 Nd7 25. Bxd7 Qxd7 26. Kg2 Rc8 27. Rfc1
h6 28. Qb3 Kh8 29. a4 f5 30. f3 fxe4 31. fxe4 Qg4 32. Qe3 Qd7 33. Qf3 Qe7 34.
Rc6 Rf8 35. Qe3 Rf6 36. R6c4 Rf7 37. Rc6 Rf6 38. Rxf6 Qxf6 39. Rf1 Qd6 40. Qc3
Ra8 41. Rf7 Rc8 42. Rf5 Re8 43. Qc6 Qe7 44. Qg6 Rf8 45. Rxf8+ Qxf8 46. Qe6 Qd6
47. Qe8+ Kh7 48. h4 Qf6 49. Qc8 Qd6 50. Qf5+ Kh8 51. h5 Qe7 52. Kh3 Kg8 53. Kg4
Kh8 54. Qg6 Qd7+ 55. Qf5 Qe7 56. Qg6 Qd7+ 57. Qe6 Qd6 58. Qxd6 cxd6 59. Kf5 Kg8
60. Ke6 Kf8 1-0

[Event "?"]
[Site "?"]
[Date "2014.04.17"]
[Round "4.11"]
[White "Dreiseitel, Werner"]
[Black "Diebel, Günter"]
[Result "0-1"]
[WhiteElo "1551"]
[BlackElo "1660"]
[PlyCount "74"]
[EventDate "2014.??.??"]
[WhiteTeam "SC Noris-Tarrasch Nürnberg 1873"]
[BlackTeam "SG Büchenbach/Roth e.V."]

1. d4 d5 2. Nf3 Nc6 3. Bf4 Bg4 4. Nbd2 Nf6 5. h3 Bf5 6. c3 e6 7. e3 Bd6 8. Bxd6
Qxd6 9. Be2 a6 10. O-O h6 11. Rc1 g5 12. c4 g4 13. hxg4 Bxg4 14. c5 Qe7 15. Nh2
h5 16. f3 Bf5 17. e4 dxe4 18. fxe4 Nxe4 19. Nxe4 Bxe4 20. Bf3 Bxf3 21. Rxf3
O-O-O 22. Rd3 h4 23. a3 h3 24. Rc2 Qg5 25. Qg4 Qxg4 26. Nxg4 hxg2 27. Rxg2 Nxd4
28. Ne5 Rhf8 29. Kf1 f6 30. Ng6 Rf7 31. Nf4 e5 32. Nh3 Nf5 33. Rxd8+ Kxd8 34.
Rg8+ Kd7 35. Nf2 Ne3+ 36. Ke2 Nc4 37. Nd3 e4 0-1

[Event "?"]
[Site "?"]
[Date "2014.04.17"]
[Round "4.13"]
[White "Dresel, Martin"]
[Black "Gawlas, Gunder"]
[Result "1/2-1/2"]
[WhiteElo "1260"]
[BlackElo "1600"]
[PlyCount "129"]
[EventDate "2014.??.??"]
[WhiteTeam "SC Erlangen 48/88 e.V."]
[BlackTeam "SC Noris-Tarrasch Nürnberg 1873"]

1. d4 d5 2. c4 c6 3. Nf3 Nf6 4. Nc3 Nbd7 5. Bg5 e6 6. e3 Be7 7. cxd5 exd5 8.
Bd3 O-O 9. O-O h6 10. Bh4 Nh7 11. Bg3 Ng5 12. Nxg5 Bxg5 13. Bc2 Be7 14. Qd3 g6
15. Rae1 Nf6 16. Bf4 Kg7 17. Be5 Kg8 18. e4 dxe4 19. Qe3 Kh7 20. Nxe4 Be6 21.
b3 Bd5 22. Nxf6+ Bxf6 23. f4 Bg7 24. f5 Qg5 25. Qxg5 hxg5 26. f6 Bh6 27. g4
Rfe8 28. Bd6 Re6 29. Be7 Re8 30. h3 Bf8 31. Rxe6 Bxe6 32. Bd3 Bxe7 33. fxe7
Rxe7 34. Bc4 Kg7 35. Re1 b5 36. Bxe6 Rxe6 37. Rxe6 fxe6 38. Kf2 Kf6 39. Ke3 e5
40. Ke4 exd4 41. Kxd4 Ke6 42. Kc5 Ke5 43. Kxc6 Kf4 44. Kxb5 Kg3 45. Ka6 Kxh3
46. Kxa7 Kxg4 47. b4 Kh3 48. b5 g4 49. b6 g3 50. b7 g2 51. b8=Q g1=Q+ 52. Qb6
Qxb6+ 53. Kxb6 g5 54. a4 g4 55. a5 g3 56. a6 g2 57. a7 g1=Q+ 58. Kb7 Qg7+ 59.
Kb8 Qf8+ 60. Kb7 Qe7+ 61. Kb8 Qb4+ 62. Ka8 Qa5 63. Kb8 Qb6+ 64. Ka8 Qxa7+ 65.
Kxa7 1/2-1/2

[Event "?"]
[Site "?"]
[Date "2014.04.17"]
[Round "4.15"]
[White "Dreiseitel, Ursula"]
[Black "Forche, Peter"]
[Result "1-0"]
[WhiteElo "1503"]
[BlackElo "1358"]
[PlyCount "107"]
[EventDate "2014.??.??"]
[WhiteTeam "SC Noris-Tarrasch Nürnberg 1873"]
[BlackTeam "Spvg Zabo-Eintracht Nürnberg e.V"]

1. d4 d5 2. Nf3 Nf6 3. Bf4 Bf5 4. Nbd2 e6 5. Nh4 Bg6 6. Nxg6 hxg6 7. Nf3 Bd6 8.
Bxd6 Qxd6 9. e3 Nbd7 10. g3 Ne4 11. Bg2 Ndf6 12. Ne5 Nd7 13. Nxd7 Qxd7 14. Qe2
Qe7 15. O-O-O c6 16. f3 Nd6 17. h4 a5 18. e4 a4 19. exd5 cxd5 20. f4 Nc4 21. c3
b5 22. Rde1 Qd6 23. h5 gxh5 24. Rxh5 Kd7 25. Qg4 Rxh5 26. Qxh5 g6 27. Qg4 a3
28. b3 Nb2 29. Kd2 Rc8 30. Re5 Kc6 31. Bxd5+ Kb6 32. Bxe6 Rc6 33. Bxf7 Qc7 34.
Bxg6 Rxc3 35. Re6+ Ka5 36. Re3 b4 37. Re5+ Kb6 38. Qe6+ Rc6 39. Qe8 Ka6 40.
Qa8+ Kb6 41. Qa5+ Kb7 42. Qxc7+ Rxc7 43. Rb5+ Ka6 44. Rxb4 Ka5 45. Rb8 Rg7 46.
f5 Rd7 47. Ke3 Nd1+ 48. Kd3 Nb2+ 49. Ke4 Re7+ 50. Kd5 Rd7+ 51. Kc6 Rxd4 52. Kc5
Nd3+ 53. Kxd4 Nb4 54. Rxb4 1-0

[Event "?"]
[Site "?"]
[Date "2014.04.17"]
[Round "5.1"]
[White "Link, Andreas"]
[Black "Corral, Carlos"]
[Result "1-0"]
[WhiteElo "1957"]
[BlackElo "1989"]
[PlyCount "73"]
[EventDate "2014.??.??"]
[WhiteTeam "Spvg Zabo-Eintracht Nürnberg e.V"]
[BlackTeam "SC Noris-Tarrasch Nürnberg 1873"]

1. Nf3 Nf6 2. c4 e6 3. d4 Bb4+ 4. Bd2 Qe7 5. Nc3 O-O 6. e3 d6 7. a3 Bxc3 8.
Bxc3 Nbd7 9. Be2 Ne4 10. Qc2 f5 11. O-O b6 12. Nd2 Nxc3 13. Qxc3 Bb7 14. b4 c5
15. bxc5 dxc5 16. Bf3 Bxf3 17. Nxf3 Qf6 18. a4 g5 19. Ne5 cxd4 20. exd4 Nxe5
21. dxe5 Qe7 22. a5 Rac8 23. axb6 axb6 24. Qb3 Qc5 25. Ra6 Rc6 26. Rb1 Qxe5 27.
Rxb6 Rfc8 28. Rxc6 Rxc6 29. h3 Kf7 30. Qf3 Qe4 31. Qh5+ Kf6 32. Qh6+ Ke5 33.
Qg7+ Kd6 34. Rd1+ Kc5 35. Qa7+ Kb4 36. Qb7+ Kc5 37. Qb5# 1-0